LIBRARY & INFORMATION CENTRE, KCAET, TAVANUR

ONLINE PUBLIC ACCESS CATALOGUE (OPAC)

Supplement to a textbook of algebra / (Record no. 3122)

MARC details
000 -LEADER
fixed length control field 00577cam a2200229ua 4500
041 ## - LANGUAGE CODE
Language code of text/sound track or separate title eng
082 ## - DEWEY DECIMAL CLASSIFICATION NUMBER
Classification number 512
Item number SEE/SU
100 ## - MAIN ENTRY--AUTHOR NAME
Personal name Seetharaman, V .
245 ## - TITLE STATEMENT
Title Supplement to a textbook of algebra /
260 ## - PUBLICATION, DISTRIBUTION, ETC. (IMPRINT)
Place of publication Chennai :
Name of publisher The National Publishing Co ,
Year of publication 1959.
300 ## - PHYSICAL DESCRIPTION
Number of Pages 111 ; .
700 1# - ADDED ENTRY--PERSONAL NAME
Personal name Krishnankutty menon, V .
942 ## - ADDED ENTRY ELEMENTS (KOHA)
Koha item type Books
Holdings
Withdrawn status Lost status Damaged status Home library Current library Date acquired Cost, normal purchase price Full call number Accession Number Koha item type Public note
Withdrawn     KAUAET KAUAET 07/04/2012 7.00 512 SEE/SU 7751 Books  
Withdrawn     KAUAET KAUAET 07/04/2012 7.00 512 SEE/SU 7750 Books  
Withdrawn     KAUAET KAUAET 07/04/2012 7.00 512 SEE/SU 7752 Books  
Withdrawn     KAUAET KAUAET 07/04/2012 7.00 512 SEE/SU 7749 Books  
Withdrawn     KAUAET Sanskrit University 07/04/2012 7.00 512 SEE/SU 7748 Books Transferred to Sanskrit University
free website counter